Algunas reflexiones acerca de la dimensión de genero en el curriculum de la educación parvularia.

Furkejuvvon:
Bibliográfalaš dieđut
Váldodahkki: Díaz, María Isabel (autor)
Materiálatiipa: Girji
Giella:espánnjágiella
Fáttát:
Liŋkkat:Ver documento en línea
Fáddágilkorat: Lasit fáddágilkoriid
Eai fáddágilkorat, Lasit vuosttaš fáddágilkora!

MARC

LEADER 00000cam^a2200000uu^4500
001 000525797
005 20260413000000.0
008 052102s2003^^^^^^^^^^^^rd^r^1000^0^spa^d
009 20260413134935.413
035 |a FCE 000070042 
037 |a Acervo ITESO - Biblioteca 
041 |a spa 
095 |a CD 393 
100 |a Díaz, María Isabel  |e (autor) 
245 1 0 |a Algunas reflexiones acerca de la dimensión de genero en el curriculum de la educación parvularia.  |h [recurso electrónico] 
264 |a Santiago de Chile :  |b JUNJI,  |c [1999?]. 
300 |a 1 disco compacto (18 p.) :  |c 4 3/4 pulg. 
336 |a texto  |b txt  |2 rdacontenido 
337 |a sin mediación  |b n  |2 rdamedio 
338 |a volumen  |b nc  |2 rdasoporte 
649 |a XX 
650 |a Plan de estudios 
650 |a Igualdad de educación 
650 |a Género 
650 |a Educación preescolar 
740 |t Reduc: Documentos electrónicos. 
856 4 0 |u https://biblioteca.uahurtado.cl/ujah/reduc/pdf/pdf/022-31.pdf  |y Ver documento en línea 
910 |a Fondo Centro de Estudios Educativos 
920 |a Impresos - Libros 
930 |a Fondos Especiales 
905 |a 133 
902 |a https://opac.biblio.iteso.mx/vufind/Record/000525797